000 00429nam a2200205Ia 4500
001 000588
003 YMCAF
005 20230512160026.0
008 100717s1971 ||||||||||||||||| ||und|d
024 _a588
035 _a573
040 _aYMCAF
_beng
_cIN-KoLT
041 _aeng
082 _aHAN-HIG
100 _aHIGHAM ROBERT R.
245 0 _aHAND BOOK OF PAPER IMAKY
260 _c1971
300 _a294
942 _2ddc
_cBK
999 _c466
_d466